1936 1192 1145 1073 1761 1571 1111 1727 1346 1663 1004 1981 1939 1837 1477 1649 1519 1036 1503 1149 1414 1111 1900 1917 1550 1683 1171 1410 1170 1856 2000 1059 1346 1183 1206 1112 1052 1146 1060 1197 1643 1165 1543 1926 1822 1359 1285 1341 1514 1479 1857 1341 1815 1861 1552 1487 1937 1009 1228 1192 1715 1872 1971 1631 1738 1205 1703 1503 1035 1393 1420 1782 1533 1837 1726 1811 1580 1441 1896 1035 1182 1227 1788 1402 1093 1409 1676 1871 1983 1969 1736 1147 1462 1867 1661 1992 1142 1729 1949 BCNSPRNW ULIB Ver.6.0+V

เปลี่ยนเป็นภาษาไทย

Change to English
 แสดงรายละเอียดบรรณานุกรม
  กลับหน้าหลัก

Brief Record : Get Marc (ISO 2709) : E-mail record : QR code < ปิดหน้าต่าง
LEADER : 00000nam 2200000uu 4500
001    13399124846
003     ULIB
008    160408s2558||||th 000 0 tha d
020    ^a9786162797125
060 04 ^aWM141^bก452
100 0  ^aมาโนช หล่อตระกูล,^eบรรณาธิการ
245 00 ^aการตรวจสัมภาษณ์ทางจิตเวช /^cมาโนช หล่อตระกูล, บรรณาธิการ
250    ^aพิมพ์ครั้งที่ 1
260    ^aกรุงเทพฯ :^bภาควิชาจิตเวชศาสตร์ คณะแพทยศาสตร์ โรงพยาบาลรามาธิบดีมหาวิทยาลัยมหิดล,^c2558
300    ^av,266 หน้า ;^c23 ซม.
490 0  ^aโครงการตำรา-รามาธิบดี
650  2 ^aInterview, Psychological
650  4 ^aจิตเวชศาสตร์^xการวินิจฉัยโรค
653    ^aการสัมภาษณ์ทางจิต
710 2  ^aมหาวิทยาลัยมหิดล. ^bคณะแพทยศาสตร์ โรงพยาบาลรามาธิบดี^bภาควิชาจิตเวชศาสตร์
945    ^p320^l0^i23341
945    ^p320^l0^i23342
945    ^p320^l0^i23343
945    ^p250^l0^i23344
945    ^p250^l0^i23345
999    ^aทศพร เกษรทอง
รายการนี้ยังไม่มีแท็ก
คุณยังไม่ได้ล็อกอิน คุณสามารถมีกิจกรรมร่วมกับเว็บไซต์ได้ แต่ต้องล็อกอินก่อน ::
  ล็อกอิน

รายการสื่อสารสนเทศ

ลำดับที่ ประเภท เลขเรียก/บาร์โค้ด สถานที่ สถานะ
1. วิทยาศาสตร์การแพทย์ และสุขภาพ
วิทยาศาสตร์การแพทย์ และสุขภาพ
สถานะ=หนังสือเก่า
WM141 ก452 ฉ.1 
  Barcode: 23341
ห้องสมุดวิทยาเขตนครสวรรค์
►ส่วนจัดเก็บหนังสือเก่า นว.
บนชั้น
  ขอยืม
2. วิทยาศาสตร์การแพทย์ และสุขภาพ
วิทยาศาสตร์การแพทย์ และสุขภาพ
สถานะ=หนังสือเก่า
WM141 ก452 ฉ.2 
  Barcode: 23342
ห้องสมุดวิทยาเขตนครสวรรค์
►ส่วนจัดเก็บหนังสือเก่า นว.
บนชั้น
  ขอยืม
3. วิทยาศาสตร์การแพทย์ และสุขภาพ
วิทยาศาสตร์การแพทย์ และสุขภาพ
สถานะ=หนังสือเก่า
WM141 ก452 ฉ.3 
  Barcode: 23343
ห้องสมุดวิทยาเขตนครสวรรค์
►ส่วนจัดเก็บหนังสือเก่า นว.
บนชั้น
  ขอยืม
4. วิทยาศาสตร์การแพทย์ และสุขภาพ
วิทยาศาสตร์การแพทย์ และสุขภาพ
สถานะ=หนังสือเก่า
WM141 ก452 ฉ.4 
  Barcode: 23344
ห้องสมุดวิทยาเขตนครสวรรค์
►ส่วนจัดเก็บหนังสือเก่า นว.
บนชั้น
  ขอยืม
5. วิทยาศาสตร์การแพทย์ และสุขภาพ
วิทยาศาสตร์การแพทย์ และสุขภาพ
สถานะ=ส่งซ่อม
WM141 ก452 ฉ.5 
  Barcode: 23345
ห้องสมุดวิทยาเขตนครสวรรค์
►หนังสือทั่วไป:l:General Books
บนชั้น

รายการใกล้เคียง
    หัวเรื่อง [Interview, Psychological]

BibComment


ยังไม่เคยถูกคอมเมนท์

คอมเมนท์ทรัพยากรรายการนี้
  คอมเมนท์: การตรวจสัมภาษณ์ท..


 Copyright 2026. Bcnsprnw @Library